000 00668nam a2200253Ia 4500
003 OSt
005 20220918170034.0
006 a|||||r|||| 00| 0
007 ta
008 220917b |||||||| |||| 00| 0 eng d
020 _a8187374039 (pbk)
024 _a155,992
037 _cTextual
040 _aARTS
_cARTS
_beng
041 _2eng
_aeng
082 _aWv2, P0
100 _aMohanty Manoranjan
_926765
245 0 _aContemporary Indian political theory
260 _aNew Delhi
_bSamskriti
_c2000
300 _axi, 109p.
_ccm.
650 _aPOLITICAL SCIENCE
942 _hWv2, P0
_cTEXL
_2CC
999 _c132339
_d132339